[Event "RUS-ch Eurasia Cup op"]
[Site "Ekaterinburg"]
[Date "2018.08.07"]
[Round "6"]
[White "Kozlova, Valeriia"]
[Black "Panjshin, Daniil"]
[Result "0-1"]
[WhiteElo "1398"]
[BlackElo "1714"]
[PlyCount "60"]
[EventDate "2018.08.01"]
[EventType "swiss"]
[EventRounds "9"]
[EventCountry "RUS"]
[SourceTitle "CBM 185 Extra"]
[Source "ChessBase"]
[SourceDate "2018.07.29"]
[SourceVersion "1"]
[SourceVersionDate "2018.07.29"]
[SourceQuality "1"]

1. e4 c5 2. Nf3 Nc6 3. d4 cxd4 4. Nxd4 Nf6 5. Nc3 e5 6. Ndb5 d6 7. Bg5 a6 8. Na3 b5 9. Nd5 Be7 10. Bxf6 Bxf6 11. c3 Bg5 12. Be2 0-0 13. 0-0 Be6 14. Nc2 Ne7 15. Nde3 Bxe3 16. Nxe3 d5 17. exd5 Nxd5 18. Nxd5 Qxd5 19. Qxd5 Bxd5 20. b3 Rfd8 21. Rfd1 Bc6 22. c4 Kf8 23. cxb5 Bxb5 24. Bxb5 axb5 25. a4 Rxd1+ 26. Rxd1 bxa4 27. bxa4 Rxa4 28. Kf1 Ke7 29. Ke2 Ke6 30. f3 Ra2+ 0-1

[Event "RUS-ch Eurasia Cup op"]
[Site "Ekaterinburg"]
[Date "2018.08.04"]
[Round "4"]
[White "Dovbnia, Nikita"]
[Black "Kozlova, Valeriia"]
[Result "1-0"]
[WhiteElo "1698"]
[BlackElo "1398"]
[PlyCount "157"]
[EventDate "2018.08.01"]
[EventType "swiss"]
[EventRounds "9"]
[EventCountry "RUS"]
[SourceTitle "CBM 185 Extra"]
[Source "ChessBase"]
[SourceDate "2018.07.29"]
[SourceVersion "1"]
[SourceVersionDate "2018.07.29"]
[SourceQuality "1"]

1. d4 Nf6 2. c4 d6 3. Nf3 g6 4. Nc3 Bg7 5. e4 0-0 6. Be2 e5 7. 0-0 exd4 8. Nxd4 Nbd7 9. f3 c6 10. Kh1 Re8 11. Be3 a5 12. Nc2 Ne5 13. f4 Neg4 14. Bg1 Nh6 15. Bf3 Be6 16. Qd3 Qc7 17. Rae1 Rad8 18. Nd4 Bc8 19. h3 Nd7 20. g4 Nc5 21. Qd2 f6 22. Bg2 Nf7 23. b3 Bh6 24. Qd1 Bg7 25. Qd2 Bh6 26. Qc2 Bg7 27. Rd1 Bd7 28. Rde1 Bc8 29. Rd1 Bd7 30. Rde1 Bc8 31. Bf2 Bd7 32. Bg1 Bc8 33. Qd2 Bd7 34. Qc2 Bc8 35. Qd1 Bd7 36. Bf2 Bc8 37. Qd2 Bh6 38. Bg3 Bd7 39. Qc2 Bg7 40. Rd1 Bc8 41. Kh2 Bd7 42. Bf3 Qc8 43. Bg2 Qc7 44. Kh1 Bc8 45. Kh2 Bd7 46. Kh1 Bc8 47. Kh2 Bd7 48. Qf2 Rf8 49. Rfe1 Rfe8 50. Kh1 Bc8 51. Kh2 Bd7 52. Kh1 Bc8 53. Kh2 Bd7 54. Bf3 Qc8 55. Qg2 Rf8 56. Qf2 Rfe8 57. Kg1 Rf8 58. Kh2 Rfe8 59. Bg2 Qc7 60. Bf3 Qc8 61. Qc2 Rf8 62. Rb1 Rfe8 63. Rbd1 Rf8 64. Qf2 Rfe8 65. Qd2 Bh6 66. Qb2 Bg7 67. Qc2 Rf8 68. Re2 Rfe8 69. Rde1 Rf8 70. Rd2 Rfe8 71. Qd1 Bf8 72. Bg2 Bg7 73. Kh1 Bh6 74. h4 Bg7 75. g5 f5 76. Rde2 fxe4 77. Nxe4 Nxe4 78. Rxe4 Rxe4 79. Rxe4 1-0